书目信息 |
| 题名: |
从零起步学葫芦丝、巴乌轻松入门
|
|
| 作者: | 胡美玲 编著 | |
| 分册: | ||
| 出版信息: | 上海 上海音乐学院出版社 2015 |
|
| 页数: | 121页 | |
| 开本: | 28cm | |
| 丛书名: | 从零学音乐入门丛书 | |
| 单 册: | ||
| 中图分类: | J632.19 | |
| 科图分类: | ||
| 主题词: | 民族管乐器--吹奏法--中国 | |
| 电子资源: | ||
| ISBN: | 978-7-5566-0008-3 | |
| 000 | 01060oam2 2200289 450 | |
| 001 | 340532 | |
| 005 | 20150625155417.18 | |
| 010 | @a978-7-5566-0008-3@dCNY38.00 | |
| 010 | @a7-88050-286-6 @b光盘 | |
| 100 | @a20151327d2015 em y0chiy0110 ea | |
| 101 | 0 | @achi |
| 102 | @aCN@b310000 | |
| 105 | @aag z 000yy | |
| 106 | @ar | |
| 200 | 1 | @a从零起步学葫芦丝、巴乌轻松入门@Acong ling qi bu xue hu lu si、ba wu qing song ru men@f胡美玲编著 |
| 205 | @a第2版 | |
| 210 | @a上海@c上海音乐学院出版社@d2015 | |
| 215 | @a121页@c图@d28cm@e光盘1片 | |
| 225 | 2 | @a从零学音乐入门丛书 |
| 330 | @a本书针对广大学习葫芦丝、巴乌的爱好者, 介绍了基本乐理知识, 内容包括: 发音练习与基本入门练习、基础指法和其他指法表及练习曲、基本演奏技法及练习曲、综合练习曲等。 | |
| 410 | 0 | @12001 @a从零学音乐入门丛书 |
| 516 | 1 | @a从零起步学葫芦丝、巴乌@Acong ling qi bu xue hu lu si、ba wu |
| 606 | 0 | @a民族管乐器@x吹奏法@y中国 |
| 690 | @aJ632.19@v5 | |
| 701 | 0 | @c(满)@a胡美玲@Ahu mei ling@c(女, @f1980-)@4编著 |
| 801 | 0 | @aCN@b卓展宏图@c20150525 |
| 905 | @dJ632.19@e95=2@f4 | |
| 从零起步学葫芦丝、巴乌轻松入门/胡美玲编著.-第2版.-上海:上海音乐学院出版社,2015 |
| 121页:图;28cm+光盘1片.-(从零学音乐入门丛书) |
| ISBN 978-7-5566-0008-3:CNY38.00 |
| 本书针对广大学习葫芦丝、巴乌的爱好者, 介绍了基本乐理知识, 内容包括: 发音练习与基本入门练习、基础指法和其他指法表及练习曲、基本演奏技法及练习曲、综合练习曲等。 |
| ● |
| 相关链接 |
|
|
|
|
正题名:从零起步学葫芦丝、巴乌轻松入门
索取号:J632.19/95=2
 
预约/预借
| 序号 | 登录号 | 条形码 | 馆藏地/架位号 | 状态 | 备注 |
| 1 | 866049 | 208660493 | 第一样本阅览室/ [索取号:J632.19/95=2] | 在馆 | |
| 2 | 866050 | 208660509 | 密集书库-音乐系/ [索取号:J632.19/95=2] | 在馆 | |
| 3 | 866051 | 208660518 | 第一借阅区/ [索取号:J632.19/95=2] | 在馆 | |
| 4 | 866052 | 208660527 | 第一借阅区/ [索取号:J632.19/95=2] | 在馆 |